[Event "Roncana op-B 13th"]
[Site "Santa Eulalia de Roncana"]
[Date "2019.10.26"]
[Round "5"]
[White "Rojas Gutierrez, Miquel"]
[Black "Romero Gonzalez, Denis"]
[Result "1-0"]
[WhiteElo "1508"]
[BlackElo "1345"]
[PlyCount "147"]
[EventDate "2019.09.28"]
[EventType "swiss"]
[EventRounds "8"]
[EventCountry "ESP"]
[SourceTitle "CBM 193 Extra"]
[Source "ChessBase"]
[SourceDate "2020.01.31"]
[SourceVersion "1"]
[SourceVersionDate "2020.01.31"]
[SourceQuality "1"]

1. Nf3 e6 2. b3 f5 3. Bb2 Nf6 4. g3 d5 5. Bg2 Bd6 6. 0-0 0-0 7. a3 c6 8. d3 Bd7 9. Nbd2 Be8 10. c4 Bh5 11. Qc2 Bxf3 12. Nxf3 Nbd7 13. Rad1 Rc8 14. Ng5 Qe7 15. e4 fxe4 16. Bh3 exd3 17. Rxd3 Nc5 18. Re3 Nfe4 19. Nf3 dxc4 20. b4 Nd3 21. Rxd3 cxd3 22. Qxd3 Nf6 23. Re1 Rcd8 24. Rxe6 Qc7 25. Qc4 Nd5 26. Qg4 Bxb4 27. Nh4 Bc3 28. Bc1 Qb6 29. Nf5 Qb1 30. Re1 Rxf5 31. Bd2 Qc2 32. Bxc3 Qxf2+ 33. Kh1 Qf3+ 34. Qxf3 Rxf3 35. Be5 Re8 36. Bg2 Re3 37. Bxd5+ cxd5 38. Rxe3 Rc8 39. a4 Rc1+ 40. Kg2 Rd1 41. Kf3 d4 42. Ke2 Rh1 43. Bxd4 Rxh2+ 44. Kf3 a6 45. Rc3 Ra2 46. Rc8+ Kf7 47. Rc7+ Ke6 48. Bc5 b6 49. Bf8 h6 50. Rc6+ Kf7 51. Bd6 Rb2 52. Kg4 Rb3 53. Rc7+ Kg6 54. Bf8 h5+ 55. Kh4 Rb1 56. Rxg7+ Kh6 57. Rg5+ Kh7 58. Rxh5+ Kg8 59. Bd6 Rh1+ 60. Kg5 Rxh5+ 61. Kxh5 Kf7 62. g4 b5 63. Kh6 Kg8 64. Bb4 Kh8 65. Kg6 Kg8 66. Kf6 a5 67. Bxa5 Kf8 68. g5 Kg8 69. Ke6 Kg7 70. Kd5 Kg6 71. Bd2 b4 72. Kc4 Kf5 73. a5 Kg6 74. a6 1-0

[Event "Llinars del Valles op-B 13th"]
[Site "Llinars del Valles"]
[Date "2019.06.01"]
[Round "6"]
[White "Castillo Valles, Jordi"]
[Black "Romero Gonzalez, Denis"]
[Result "1-0"]
[WhiteElo "1477"]
[BlackElo "1295"]
[PlyCount "65"]
[EventDate "2019.03.30"]
[EventType "swiss"]
[EventRounds "8"]
[EventCountry "ESP"]
[SourceTitle "EXT 2020"]
[Source "ChessBase"]
[SourceDate "2019.10.17"]
[SourceVersion "1"]
[SourceVersionDate "2019.10.17"]
[SourceQuality "1"]

1. e4 e6 2. d4 d5 3. e5 c5 4. c3 Nc6 5. Nf3 Qb6 6. a3 a5 7. Be2 Nh6 8. Bxh6 Qxb2 9. Bc1 Qxa1 10. Qc2 c4 11. 0-0 b5 12. Nfd2 Nxd4 13. cxd4 Qxd4 14. Nf3 Qc5 15. Nc3 Bd7 16. Qb2 Qxa3 17. Qxa3 Bxa3 18. Nxb5 Bxb5 19. Bxa3 Rb8 20. Rb1 Rb7 21. Nd4 Ba6 22. Rxb7 Bxb7 23. Bd1 Kd7 24. Ba4+ Kc8 25. Nb5 f6 26. f4 Kd7 27. Nd4+ Kc8 28. Nxe6 fxe5 29. fxe5 Rg8 30. Bd6 c3 31. Nd4 Kd8 32. e6 c2 33. Nxc2 1-0

[Event "Llinars del Valles op-B 13th"]
[Site "Llinars del Valles"]
[Date "2019.04.27"]
[Round "3"]
[White "Lambert Pont, Michael"]
[Black "Romero Gonzalez, Denis"]
[Result "1-0"]
[WhiteElo "1479"]
[BlackElo "1295"]
[PlyCount "41"]
[EventDate "2019.03.30"]
[EventType "swiss"]
[EventRounds "8"]
[EventCountry "ESP"]
[SourceTitle "EXT 2020"]
[Source "ChessBase"]
[SourceDate "2019.10.17"]
[SourceVersion "1"]
[SourceVersionDate "2019.10.17"]
[SourceQuality "1"]

1. d4 Nf6 2. Bf4 g6 3. Nc3 Bg7 4. e4 d6 5. Qd2 0-0 6. 0-0-0 Re8 7. f3 Nbd7 8. Bh6 Bh8 9. h4 c5 10. dxc5 Nxc5 11. g4 Nxg4 12. fxg4 Bxg4 13. Be2 Bxe2 14. Ngxe2 Qb6 15. Nd4 a5 16. h5 a4 17. a3 Qa5 18. hxg6 hxg6 19. Bf8 Rxf8 20. Qh6 f6 21. Qh7# 1-0

[Event "Roncana op-C 11th"]
[Site "Santa Eulalia de Roncana"]
[Date "2017.09.30"]
[Round "2.7"]
[White "Romero Gonzalez, Denis"]
[Black "Apinyan, Marc"]
[Result "0-1"]
[WhiteElo "1401"]
[BlackElo "1657"]
[PlyCount "160"]
[EventDate "2017.09.23"]
[EventType "swiss"]
[EventRounds "8"]
[EventCountry "ESP"]
[SourceTitle "EXT 2024"]
[Source "ChessBase"]
[SourceDate "2023.10.10"]
[SourceVersion "1"]
[SourceVersionDate "2023.10.10"]
[SourceQuality "1"]

1. e4 e5 2. Nf3 Nc6 3. Nc3 Be7 4. d4 exd4 5. Nxd4 Bc5 6. Be3 Qf6 7. Nce2 Nge7 8. c3 0-0 9. Nc1 Nxd4 10. cxd4 Bb4+ 11. Bd2 Qxd4 12. Nd3 Qxe4+ 13. Qe2 Bxd2+ 14. Kxd2 Qxe2+ 15. Bxe2 b6 16. Bf3 Rb8 17. Rhe1 Nf5 18. Be4 Nd6 19. Bd5 Bb7 20. Bxb7 Rxb7 21. Ke2 Re8+ 22. Kf1 Rxe1+ 23. Rxe1 g6 24. Kg1 Rb8 25. h3 Re8 26. Rc1 c5 27. b4 cxb4 28. Nxb4 Rc8 29. Rd1 a5 30. Rxd6 axb4 31. Rxb6 Rc2 32. Rb8+ Kg7 33. Rxb4 Rxa2 34. f4 Ra8 35. Rd4 Rd8 36. Kh2 Kf6 37. Kg3 d5 38. Kh4 h5 39. g4 hxg4 40. hxg4 Kg7 41. f5 gxf5 42. gxf5 Kf6 43. Kg4 Ke5 44. Rd1 Rg8+ 45. Kf3 Kxf5 46. Rxd5+ Kg6 47. Kf4 Re8 48. Rg5+ Kf6 49. Rf5+ Ke6 50. Re5+ Kd7 51. Rd5+ Ke7 52. Ke5 Kf8+ 53. Kf6 Re6+ 54. Kf5 Kg7 55. Kg5 f6+ 56. Kh5 Kf7 57. Rd7+ Re7 58. Rd6 Re5+ 59. Kg4 Kg6 60. Kf4 Rb5 61. Ke4 Kg5 62. Re6 f5+ 63. Kf3 Rb3+ 64. Re3 Rxe3+ 65. Kxe3 Kg4 66. Kf2 Kf4 67. Kg2 Ke3 68. Kf1 Kf3 69. Kg1 Ke2 70. Kg2 f4 71. Kg1 f3 72. Kh2 f2 73. Kg3 f1Q 74. Kg4 Qf6 75. Kg3 Qf3+ 76. Kh4 Qg2 77. Kh5 Qg7 78. Kh4 Qg6 79. Kh3 Kf3 80. Kh2 Qg2# 0-1